[Event "ChBLR2010w"]
[Site "Minsk"]
[Date "2010.01.19"]
[Round "6.3"]
[White "Belko, Irina"]
[Black "Gerasimovitch, Olga"]
[Result "0-1"]
[WhiteElo "2031"]
[BlackElo "2121"]
[PlyCount "126"]
[EventDate "2010.01.14"]
[SourceDate "2010.01.15"]

1. e4 c5 2. Nf3 d6 3. d4 cxd4 4. Nxd4 Nf6 5. Nc3 a6 6. f3 e5 7. Nb3 Be6 8. Be3
Be7 9. Qd2 O-O 10. g4 b5 11. O-O-O b4 12. Nd5 Bxd5 13. exd5 a5 14. Kb1 a4 15.
Nc1 Nbd7 16. Qxb4 Qc7 17. c4 Rfb8 18. Qc3 Nb6 19. Bxb6 Rxb6 20. h4 Rab8 21. Rh2
e4 22. g5 exf3 23. Qxf3 Nd7 24. Qa3 Rb4 25. Rf2 Ne5 26. Rc2 Nxc4 27. Bxc4 Rxc4
28. Rxc4 Qxc4 29. Qe3 Bf8 30. Qd4 Rb4 31. Qa7 Qb5 32. Rd2 Rxh4 33. Qa8 Qd7 34.
a3 Rc4 35. Rf2 Qc8 36. Qxc8 Rxc8 37. Ne2 Rc4 38. Rg2 g6 39. Nc3 Bg7 40. Kc2 Rd4
41. Rg3 Be5 42. Rd3 Rg4 43. b4 axb3+ 44. Kxb3 Rxg5 45. a4 Bxc3 46. Kxc3 Rg1 47.
Kb4 Re1 48. a5 Re8 49. Kb5 Rb8+ 50. Kc6 h5 51. Kxd6 h4 52. Kc6 g5 53. d6 g4 54.
a6 g3 55. a7 Rf8 56. Kb7 g2 57. Rd1 h3 58. Rg1 Kh7 59. a8=Q Rxa8 60. Kxa8 h2
61. d7 hxg1=Q 62. d8=Q Qa1+ 63. Kb7 g1=Q 0-1

[Event "ChBLR2010w"]
[Site "Minsk"]
[Date "2010.01.19"]
[Round "6.4"]
[White "Stetsko, Lanita"]
[Black "Klimets, Elena"]
[Result "1-0"]
[WhiteElo "2081"]
[BlackElo "2094"]
[PlyCount "79"]
[EventDate "2010.01.14"]
[SourceDate "2010.01.15"]

1. e4 d6 2. d4 Nf6 3. Nc3 g6 4. Be3 c6 5. Qd2 Bg7 6. h3 b5 7. Bd3 Nbd7 8. Nf3
e5 9. dxe5 dxe5 10. O-O Qe7 11. a4 b4 12. Ne2 c5 13. c3 Bb7 14. Ng3 bxc3 15.
Qxc3 O-O 16. Rac1 Rfc8 17. Nd2 h5 18. Bg5 Qf8 19. Nc4 Nh7 20. Be3 h4 21. Ne2
Bc6 22. Qa3 f5 23. f4 Nhf6 24. fxe5 Nxe4 25. Bxe4 Bxe4 26. Nd6 Bxg2 27. Kxg2
Rc6 28. Qb3+ Kh7 29. Ne4 Nxe5 30. Ng5+ Kh8 31. Rf4 Ng4 32. hxg4 Rb8 33. Qc4
Rxb2 34. Rh1 Bh6 35. Nf7+ Kg7 36. Nxh6 Qa8 37. Kf2 Re6 38. Qxe6 Rxe2+ 39. Kxe2
Qg2+ 40. Rf2 1-0

[Event "ChBLR2010w"]
[Site "Minsk"]
[Date "2010.01.19"]
[Round "6.5"]
[White "Khudaya, Iryna"]
[Black "Homiakova, Elena"]
[Result "1/2-1/2"]
[WhiteElo "2110"]
[BlackElo "2124"]
[PlyCount "134"]
[EventDate "2010.01.14"]
[SourceDate "2010.01.15"]

1. e4 c5 2. Nf3 Nc6 3. d4 cxd4 4. Nxd4 g6 5. Nc3 Bg7 6. Be3 Nf6 7. Bc4 Qa5 8.
O-O O-O 9. Bb3 d6 10. h3 Bd7 11. Re1 Nxd4 12. Bxd4 Bc6 13. Nd5 Bxd5 14. exd5
Rfe8 15. Qd3 Rac8 16. Rad1 b5 17. Bc3 Qb6 18. a4 b4 19. Bd4 Qc7 20. a5 Nh5 21.
Bxg7 Nxg7 22. Ra1 Nh5 23. Re4 Nf6 24. Rxb4 Nd7 25. Qe3 Qc5 26. Qxc5 Nxc5 27.
Bc4 Rc7 28. b3 Rec8 29. a6 Nd7 30. Rb7 Nb6 31. Bb5 Nxd5 32. Bd7 Rd8 33. Bg4
Rxc2 34. Rxa7 e6 35. Rb7 Rc7 36. Bf3 Rcc8 37. Bxd5 exd5 38. a7 Kg7 39. Ra5 d4
40. Rd5 Rc1+ 41. Kh2 Ra8 42. Rxd4 Ra1 43. Rxd6 R8xa7 44. Rxa7 Rxa7 45. Kg3 Ra2
46. Rd3 Rb2 47. Rf3 f5 48. Rd3 Kf6 49. f4 Ke6 50. Kf3 Rb1 51. g3 h6 52. h4 Rg1
53. Kf2 Rb1 54. Ke3 Kf6 55. Kd4 g5 56. hxg5+ hxg5 57. fxg5+ Kxg5 58. Kc5 Rc1+
59. Kb5 Kg4 60. b4 Rg1 61. Kc6 Rxg3 62. Rxg3+ Kxg3 63. b5 f4 64. b6 f3 65. b7
f2 66. b8=Q+ Kg2 67. Qb2 Kh1 1/2-1/2

[Event "ChBLR2010w"]
[Site "Minsk"]
[Date "2010.01.20"]
[Round "7.1"]
[White "Homiakova, Elena"]
[Black "Kaliadzich, Maryia"]
[Result "1-0"]
[WhiteElo "2124"]
[BlackElo "1843"]
[PlyCount "79"]
[EventDate "2010.01.14"]
[SourceDate "2010.01.15"]

1. e4 c6 2. d4 d5 3. Nc3 dxe4 4. Nxe4 Bf5 5. Ng3 Bg6 6. h4 h6 7. Nf3 Nd7 8. h5
Bh7 9. Bd3 Bxd3 10. Qxd3 Qc7 11. Bd2 e6 12. O-O-O Ngf6 13. Kb1 O-O-O 14. c4 c5
15. Qe2 Kb8 16. Bc3 cxd4 17. Nxd4 Rc8 18. Nb5 Qxc4 19. Be5+ Nxe5 20. Qxe5+ Ka8
21. Rc1 Qd3+ 22. Ka1 Bb4 23. Nc7+ Rxc7 24. Qxc7 Bd6 25. Qxf7 Be5 26. Qxe6 Qd4
27. Rc8+ Rxc8 28. Qxc8+ Bb8 29. Qc2 Qd5 30. Rg1 Nxh5 31. Qf5 Qxf5 32. Nxf5 a6
33. g4 Nf4 34. Nxg7 Be5 35. Nf5 Nd3 36. Nxh6 Nxf2 37. g5 Nd3 38. g6 Bxb2+ 39.
Kb1 Bg7 40. Nf5 1-0

[Event "ChBLR2010w"]
[Site "Minsk"]
[Date "2010.01.20"]
[Round "7.2"]
[White "Klimets, Elena"]
[Black "Khudaya, Iryna"]
[Result "1/2-1/2"]
[WhiteElo "2094"]
[BlackElo "2110"]
[PlyCount "159"]
[EventDate "2010.01.14"]
[SourceDate "2010.01.15"]

1. e4 c5 2. Nc3 Nc6 3. Bb5 g6 4. Bxc6 dxc6 5. d3 Bg7 6. Be3 b6 7. Qd2 Qc7 8. f4
Nf6 9. h3 a5 10. Nge2 Ba6 11. O-O O-O 12. b3 Rad8 13. Qe1 Qd7 14. Qh4 Ne8 15.
Rae1 Nd6 16. Na4 Rb8 17. f5 f6 18. Qg4 Qe8 19. h4 Bc8 20. Ng3 e5 21. Nxb6 Rxb6
22. Bxc5 Qd8 23. Bxb6 Qxb6+ 24. Kh2 Nb5 25. h5 g5 26. h6 Bxh6 27. Nh5 Bd7 28.
Kg3 Rf7 29. Rh1 Bf8 30. Rh3 h6 31. Kh2 Be8 32. Kh1 Qf2 33. Qe2 Qxe2 34. Rxe2
Bg7 35. g4 Rd7 36. Nxg7 Kxg7 37. Reh2 h5 38. gxh5 Kh6 39. Kg2 a4 40. Rh1 Nd4
41. Kf2 Nxc2 42. bxa4 Nb4 43. Rd1 Nxa2 44. Rb1 Rd8 45. a5 Nc3 46. Rb7 Nb5 47.
a6 Ra8 48. Re7 g4 49. Rh1 Bxh5 50. Rf7 Kg5 51. Rg7+ Kf4 52. Rxh5 Rxa6 53. Rh4
Ra2+ 54. Kg1 Ra1+ 55. Kg2 Ra2+ 56. Kg1 Nd4 57. Rhxg4+ Ke3 58. Rg3+ Nf3+ 59.
Rxf3+ Kxf3 60. Rg6 Rd2 61. Rxf6 Rxd3 62. Rxc6 Rd1+ 63. Kh2 Kxe4 64. Kg2 Rd8 65.
Kf2 Kxf5 66. Ke3 Ra8 67. Rc2 Rh8 68. Rc4 Rh3+ 69. Ke2 Rg3 70. Ra4 Rg4 71. Rxg4
Kxg4 72. Ke3 Kf5 73. Kf3 e4+ 74. Ke3 Ke5 75. Ke2 Kd4 76. Kd2 e3+ 77. Ke2 Ke4
78. Ke1 Kf3 79. Kf1 e2+ 80. Ke1 1/2-1/2

[Event "ChBLR2010w"]
[Site "Minsk"]
[Date "2010.01.20"]
[Round "7.3"]
[White "Gerasimovitch, Olga"]
[Black "Stetsko, Lanita"]
[Result "1/2-1/2"]
[WhiteElo "2121"]
[BlackElo "2081"]
[PlyCount "106"]
[EventDate "2010.01.14"]
[SourceDate "2010.01.15"]

1. d4 d5 2. c4 c6 3. Nf3 Nf6 4. Nc3 a6 5. a4 e6 6. Bg5 h6 7. Bh4 Nbd7 8. e3 Be7
9. cxd5 cxd5 10. Bd3 O-O 11. O-O b6 12. Qe2 Bb7 13. Rfc1 g5 14. Bg3 Ne4 15. Ne5
Nxg3 16. hxg3 Nxe5 17. dxe5 Kg7 18. Qg4 Rh8 19. Ne2 h5 20. Qd4 Bc5 21. Qc3 h4
22. b4 d4 23. exd4 h3 24. f3 hxg2 25. bxc5 Bxf3 26. Kf2 Bd5 27. Bc4 bxc5 28.
Bxd5 Qxd5 29. dxc5 g1=Q+ 30. Rxg1 Rh2+ 31. Ke3 g4 32. Raf1 Rb8 33. Nf4 Qc6 34.
Rf2 Rh1 35. Rxh1 Qxh1 36. Ng2 Qb1 37. Qc2 Qa1 38. Qe4 Rb3+ 39. Kf4 Qc3 40. Kg5
Rb4 41. Rxf7+ Kxf7 42. Qh7+ Ke8 43. Qg8+ Ke7 44. Qg7+ Kd8 45. Nf4 Kc8 46. c6
Rb3 47. Qd7+ Kb8 48. Qd8+ Ka7 49. Qc7+ Ka8 50. Qc8+ Ka7 51. Qc7+ Ka8 52. Qc8+
Ka7 53. Qc7+ Ka8 1/2-1/2

[Event "ChBLR2010w"]
[Site "Minsk"]
[Date "2010.01.20"]
[Round "7.4"]
[White "Kasperovich, Ekaterina"]
[Black "Belko, Irina"]
[Result "1-0"]
[WhiteElo "2101"]
[BlackElo "2032"]
[PlyCount "101"]
[EventDate "2010.01.14"]
[SourceDate "2010.01.15"]

1. d4 d5 2. c4 e6 3. Nc3 Nf6 4. Bg5 Be7 5. e3 O-O 6. Nf3 h6 7. Bh4 b6 8. Be2
Bb7 9. O-O Nbd7 10. h3 c5 11. Bg3 a6 12. Ne5 Nxe5 13. Bxe5 Bd6 14. Bxf6 Qxf6
15. Bf3 Rfd8 16. cxd5 cxd4 17. Ne4 Qe7 18. Nxd6 Rxd6 19. Qxd4 Qg5 20. h4 Qd8
21. Rfd1 exd5 22. Rac1 Qd7 23. Rc3 Rc8 24. Rxc8+ Qxc8 25. e4 Rc6 26. Qxd5 Rc1
27. Qd2 Rxd1+ 28. Qxd1 Qe6 29. Qd8+ Kh7 30. a3 b5 31. Qd4 Kg8 32. Kh2 Qg6 33.
Qe5 Kh7 34. Bh5 Qxe4 35. Qxe4+ Bxe4 36. Bxf7 g6 37. b4 Kg7 38. Be8 Kf6 39. Bd7
Bb7 40. f4 h5 41. Bh3 Ke7 42. g3 Kd6 43. Kg1 Be4 44. Kf2 Bf5 45. Bg2 Bc8 46.
Ke3 Bf5 47. Kd4 Be6 48. Bb7 Kc7 49. Ke5 Bf5 50. Bf3 Kd7 51. Bxh5 1-0

[Event "ChBLR2010w"]
[Site "Minsk"]
[Date "2010.01.20"]
[Round "7.5"]
[White "Homiakova, Ekaterina"]
[Black "Ziaziulkina, Nastasia"]
[Result "1/2-1/2"]
[WhiteElo "2142"]
[BlackElo "2159"]
[PlyCount "78"]
[EventDate "2010.01.14"]
[SourceDate "2010.01.15"]

1. e4 c5 2. Nf3 e6 3. Nc3 a6 4. d4 cxd4 5. Nxd4 b5 6. Bd3 d6 7. O-O Nf6 8. Kh1
Bb7 9. a3 Nbd7 10. f4 Be7 11. Qe1 Nc5 12. Nf3 O-O 13. Bd2 Rc8 14. Rd1 Qc7 15.
Bc1 Rfd8 16. Qe2 Qb8 17. e5 Nxd3 18. Rxd3 Nd5 19. Ne4 h6 20. exd6 Bxd6 21. Nxd6
Qxd6 22. Ne5 Qc7 23. c3 Nf6 24. Rfd1 Rd5 25. Rxd5 Bxd5 26. Be3 Rd8 27. Bd4 Ba8
28. Rf1 Qb7 29. f5 exf5 30. Rxf5 Rd5 31. Kg1 Nd7 32. Qg4 Nxe5 33. Rxe5 Rxe5 34.
Bxe5 g6 35. h3 Kh7 36. Bd4 Qd5 37. Qg3 Qe4 38. Qf2 Bd5 39. Bf6 Bc6 1/2-1/2